Повышение стойкости инструмента ионным азотированием; Современные техника и технологии; Т. 2

Detaylı Bibliyografya
Parent link:Современные техника и технологии: сборник трудов XVI Международной научно-практической конференции студентов, аспирантов и молодых ученых, Томск, 12-16 апреля 2010 г/ Национальный исследовательский Томский политехнический университет (ТПУ).— , 2010
Т. 2.— 2010.— [С. 283-285]
Yazar: Яковлев А. В.
Diğer Yazarlar: Овечкин Б. Б. (научный руководитель)
Özet:Заглавие с титульного листа
Электронная версия печатной публикации
Dil:Rusça
Baskı/Yayın Bilgisi: 2010
Konular:
Online Erişim:http://www.lib.tpu.ru/fulltext/c/2010/C01/V2/121.pdf
Materyal Türü: MixedMaterials Elektronik Kitap Bölümü
KOHA link:https://koha.lib.tpu.ru/cgi-bin/koha/opac-detail.pl?biblionumber=233211

MARC

LEADER 00000naa2a2200000 4500
001 233211
005 20251205113520.0
035 |a (RuTPU)RU\TPU\book\254282 
035 |a RU\TPU\book\254277 
090 |a 233211 
100 |a 20130228d2010 k y0rusy50 ca 
101 0 |a rus 
102 |a RU 
135 |a drnn ---uucaa 
181 0 |a i  
182 0 |a b 
200 1 |a Повышение стойкости инструмента ионным азотированием  |f А. В. Яковлев  |g науч. рук. Б. Б. Овечкин 
203 |a Текст  |c электронный 
215 |a 1 файл (323 Кб) 
300 |a Заглавие с титульного листа 
300 |a Электронная версия печатной публикации 
337 |a Adobe Reader 
461 0 |0 (RuTPU)RU\TPU\book\245271  |t Современные техника и технологии  |o сборник трудов XVI Международной научно-практической конференции студентов, аспирантов и молодых ученых, Томск, 12-16 апреля 2010 г  |o в 3 т.  |f Национальный исследовательский Томский политехнический университет (ТПУ)  |d 2010 
463 0 |0 (RuTPU)RU\TPU\book\250479  |t Т. 2  |v [С. 283-285]  |d 2010 
610 1 |a электронный ресурс 
610 1 |a труды учёных ТПУ 
610 1 |a инструменты 
610 1 |a стойкость 
610 1 |a машиностроительные детали 
610 1 |a поверхностная прочность 
610 1 |a ионное азотирование 
700 1 |a Яковлев  |b А. В. 
702 1 |a Овечкин  |b Б. Б.  |4 727 
801 1 |a RU  |b 63413507  |c 20130213 
801 2 |a RU  |b 63413507  |c 20130514  |g RCR 
856 4 |u http://www.lib.tpu.ru/fulltext/c/2010/C01/V2/121.pdf 
942 |c CF